000 00650cam a22002413a 4500
001 32008
003 PGUSA
005 20140828083707.0
008 100416s2010||||xxu|||||s|||||000 1 eng d
040 _aPGUSA
_beng
042 _adc
050 4 _aPT
100 1 _aRaabe, Wilhelm,
_d1831-1910
245 1 0 _aDeutscher Mondschein
_h[electronic resource] /
_cWilhelm Raabe
260 _bProject Gutenberg,
_c2010
506 _aPublic domain in the USA.
516 _aElectronic text
653 _aGerman fiction
653 _aShort stories
830 0 _aProject Gutenberg
_v32008
856 4 0 _uhttp://www.gutenberg.org/ebooks/32008
942 _cEB
999 _c261263
_d261263